[Event "SLO-chT sf"]
[Site "Slovenia"]
[Date "1996.??.??"]
[Round "4"]
[White "Kosir, Pavla"]
[Black "Praznik, Ana"]
[Result "1/2-1/2"]
[WhiteElo "2020"]
[BlackElo "2025"]
[PlyCount "108"]
[EventDate "1996.??.??"]
[EventType "team"]
[EventRounds "7"]
[EventCountry "SLO"]
[SourceTitle "EXT 1997"]
[Source "ChessBase"]
[SourceDate "1996.11.15"]
[SourceVersion "1"]
[SourceVersionDate "1996.11.15"]
[SourceQuality "1"]

1. d4 d5 2. c4 e6 3. Nc3 c6 4. Nf3 dxc4 5. a4 Bb4 6. e3 b5 7. axb5 cxb5 8. Be2 a6 9. 0-0 Bb7 10. Ne5 Nf6 11. Bf3 Nd5 12. Qc2 f6 13. Bh5+ g6 14. Bxg6+ Ke7 15. Nf7 Qg8 16. Nxh8 hxg6 17. Nxg6+ Kf7 18. Nxd5 Bxd5 19. Nf4 Bb7 20. f3 Nd7 21. Qf2 a5 22. Bd2 Bxd2 23. Qxd2 b4 24. e4 Qg5 25. Rfd1 Qb5 26. Ne2 Ba6 27. Ng3 a4 28. Kh1 Rc8 29. Qc2 Nb6 30. Rdb1 Qa5 31. Nf1 c3 32. b3 a3 33. Ne3 Bb5 34. Rd1 Qa6 35. Ra2 Rd8 36. d5 e5 37. Nf5 Nc4 38. Qf2 Nb2 39. Qc5 Qb7 40. Rg1 Bd3 41. Nd6+ Rxd6 42. Qxd6 Qb5 43. Qe6+ Kg6 44. d6 Qc6 45. Qf5+ Kg7 46. d7 Qb6 47. g4 c2 48. g5 Qxg1+ 49. Kxg1 c1Q+ 50. Kg2 Qf1+ 51. Kg3 Qg1+ 52. Kh4 Qxh2+ 53. Kg4 Qg2+ 54. Kh4 Qh2+ 1/2-1/2

[Event "SLO-chT sf"]
[Site "Slovenia"]
[Date "1996.??.??"]
[Round "7"]
[White "Praznik, Ana"]
[Black "Kreze, Tatjana"]
[Result "1/2-1/2"]
[WhiteElo "2025"]
[BlackElo "2035"]
[PlyCount "49"]
[EventDate "1996.??.??"]
[EventType "team"]
[EventRounds "7"]
[EventCountry "SLO"]
[SourceTitle "EXT 1997"]
[Source "ChessBase"]
[SourceDate "1996.11.15"]
[SourceVersion "1"]
[SourceVersionDate "1996.11.15"]
[SourceQuality "1"]

1. d4 d5 2. c4 e6 3. Nc3 Nf6 4. Bg5 Be7 5. e3 0-0 6. Nf3 Nbd7 7. Qc2 h6 8. Bh4 c6 9. cxd5 exd5 10. Bd3 Nh5 11. Bxe7 Qxe7 12. 0-0 Nhf6 13. a3 Re8 14. b4 a6 15. Na4 Ne4 16. Rfc1 Nd6 17. Nc5 Nf6 18. Rab1 Nfe4 19. a4 Bd7 20. Ne5 Nf6 21. Nexd7 Nxd7 22. b5 cxb5 23. Nxd7 Qxd7 24. axb5 Rec8 25. Qb3 1/2-1/2

[Event "SLO-chT"]
[Site "Slovenia"]
[Date "1995.??.??"]
[Round "4"]
[White "Praznik, Ana"]
[Black "Grosar, Kiti"]
[Result "0-1"]
[WhiteElo "2050"]
[BlackElo "2225"]
[PlyCount "90"]
[EventDate "1995.??.??"]
[EventType "team"]
[EventRounds "7"]
[EventCountry "SLO"]
[SourceTitle "EXT 1998"]
[Source "ChessBase"]
[SourceDate "1997.11.17"]
[SourceVersion "1"]
[SourceVersionDate "1997.11.17"]
[SourceQuality "1"]

1. d4 Nf6 2. c4 g6 3. Nc3 Bg7 4. e4 d6 5. Nf3 0-0 6. Be2 e5 7. dxe5 dxe5 8. Qxd8 Rxd8 9. Bg5 c6 10. Rd1 Rxd1+ 11. Kxd1 Nbd7 12. h3 Nc5 13. Bxf6 Bxf6 14. Kc2 a5 15. Rd1 Kf8 16. Ne1 Ke7 17. Nd3 Nxd3 18. Bxd3 a4 19. a3 Be6 20. Kb1 Rd8 21. Be2 Rxd1+ 22. Nxd1 Bh4 23. g3 Bg5 24. h4 Bd2 25. Kc2 Be1 26. g4 Kd6 27. f3 Bxh4 28. Nc3 Kc5 29. Nxa4+ Kd4 30. b3 Be7 31. Nc3 Bxa3 32. Nd1 Bb4 33. Bf1 f5 34. gxf5 gxf5 35. Bh3 h5 36. exf5 Bf7 37. Nf2 Ke3 38. Ne4 Kxf3 39. Ng5+ Kg3 40. Bf1 Be8 41. f6 Bg6+ 42. Bd3 Bxd3+ 43. Kxd3 Kf4 44. Ne4 Bf8 45. b4 h4 0-1

[Event "SLO-chT"]
[Site "Slovenia"]
[Date "1995.??.??"]
[Round "6"]
[White "Praznik, Ana"]
[Black "Stevanec, Lea"]
[Result "0-1"]
[WhiteElo "2045"]
[BlackElo "2060"]
[PlyCount "42"]
[EventDate "1995.??.??"]
[EventType "team"]
[EventRounds "7"]
[EventCountry "SLO"]
[SourceTitle "EXT 1998"]
[Source "ChessBase"]
[SourceDate "1997.11.17"]
[SourceVersion "1"]
[SourceVersionDate "1997.11.17"]
[SourceQuality "1"]

1. e4 c5 2. Nf3 d6 3. d4 cxd4 4. Nxd4 Nf6 5. Nc3 e6 6. Be2 a6 7. 0-0 Be7 8. f4 Qc7 9. Be3 b5 10. a3 Bb7 11. Bf3 Nbd7 12. Nb3 0-0 13. Qe2 Rac8 14. Bf2 Rfd8 15. Rfe1 Nb6 16. Na5 Ba8 17. Qe3 Nfd7 18. Rad1 Bf6 19. Qe2 Nc5 20. Kh1 Nba4 21. Nb3 Nxb2 0-1

[Event "SLO-chT"]
[Site "Slovenia"]
[Date "1994.??.??"]
[Round "?"]
[White "Vrabic, Anita"]
[Black "Praznik, Ana"]
[Result "1-0"]
[WhiteElo "2195"]
[BlackElo "2150"]
[PlyCount "49"]
[EventDate "1994.??.??"]
[EventType "team"]
[EventRounds "7"]
[EventCountry "SLO"]
[SourceTitle "EXT 1998"]
[Source "ChessBase"]
[SourceDate "1997.11.17"]
[SourceVersion "1"]
[SourceVersionDate "1997.11.17"]
[SourceQuality "1"]

1. e4 Nf6 2. e5 Nd5 3. d4 Nc6 4. Nf3 e6 5. Be2 d6 6. 0-0 Be7 7. c4 Nb6 8. Nc3 0-0 9. h3 Nd7 10. Bf4 a6 11. a3 b6 12. Re1 Bb7 13. b4 Na7 14. Bd3 dxe5 15. dxe5 a5 16. bxa5 bxa5 17. Bxh7+ Kxh7 18. Qb1+ g6 19. Qxb7 Nc5 20. Qb1 Qd3 21. Ne4 Qxc4 22. Nxc5 Qxf4 23. Re4 Qf5 24. Qc1 Bxc5 25. Rh4+ 1-0